[Event "XXXIX C.to Italiano a Serie Nazionali a squadre B"]
[Site "Cattolica ITA"]
[Date "2007.05.13"]
[Round "4"]
[White "Cerquitella, Luca"]
[Black "Dappiano, Andrea"]
[WhiteElo "2198"]
[BlackElo "1767"]
[Result "1-0"]
[PlyCount "117"]
[EventDate "2007.05.11"]

1. e4 e6 2. d4 d5 3. e5 c5 4. Nf3 Nc6 5. Bd3 cxd4 6. O-O Bd7 7. Re1 Qb6 8. a3
Nge7 9. Nbd2 Ng6 10. Nf1 Be7 11. Ng3 O-O-O 12. b4 f6 13. Bxg6 hxg6 14. Bb2 Qc7
15. Bxd4 Nxd4 16. Qxd4 Kb8 17. Qd3 Rh6 18. Rac1 Qc4 19. Qxc4 dxc4 20. Ne4 Bc6
21. c3 b5 22. Nd4 Bd7 23. Nc5 Bxc5 24. bxc5 Rdh8 25. h3 fxe5 26. Rxe5 Rh5 27.
Rxh5 Rxh5 28. c6 Bc8 29. Re1 Kc7 30. Re3 Rd5 31. f4 a5 32. Re4 Kd6 33. Kf2 g5
34. g3 gxf4 35. gxf4 g6 36. h4 Rc5 37. Nf3 Rxc6 38. Ne5 Rc5 39. Rd4+ Rd5 40.
Ke3 Kc5 41. Nxg6 Rxd4 42. cxd4+ Kd6 43. h5 b4 44. axb4 axb4 45. h6 b3 46. Kd2
b2 47. Kc2 c3 48. h7 Bb7 49. h8=Q Be4+ 50. Kxc3 b1=Q 51. Qd8+ Kc6 52. Qc8+ Kb6
53. Qxe6+ Ka5 54. Qe5+ Ka4 55. Qe8+ Ka3 56. Qe7+ Ka4 57. Qa7+ Kb5 58. Qb8+ Kc6
59. Ne5+ 1-0

[Event "XXXIX C.to Italiano a Serie Nazionali a squadre B"]
[Site "Cattolica ITA"]
[Date "2007.05.13"]
[Round "4"]
[White "Dentale, Enrico"]
[Black "Di Gianni, Rocco"]
[WhiteElo "2003"]
[BlackElo "2137"]
[Result "0-1"]
[PlyCount "70"]
[EventDate "2007.05.11"]

1. d4 Nf6 2. Bg5 Ne4 3. Bf4 d6 4. f3 Nf6 5. e4 g6 6. Bc4 c6 7. Ne2 Bg7 8. O-O
O-O 9. Bb3 Nbd7 10. Nbc3 b5 11. Qd2 Nb6 12. Rad1 d5 13. Ng3 a6 14. Rfe1 Ne8 15.
exd5 cxd5 16. a4 Nc4 17. Bxc4 bxc4 18. b4 cxb3 19. cxb3 Be6 20. b4 Qb6 21. Na2
Nd6 22. Bxd6 exd6 23. Ne2 Rfc8 24. Rc1 Rc4 25. Rxc4 dxc4 26. Kh1 c3 27. Nexc3
Bxd4 28. Rd1 Be5 29. Ne4 Bb3 30. a5 Qb7 31. Rb1 Be6 32. Nac3 Rc8 33. Na4 Bf5
34. Re1 Bxe4 35. Rxe4 Qb5 0-1

[Event "XXXIX C.to Italiano a Serie Nazionali a squadre B"]
[Site "Cattolica ITA"]
[Date "2007.05.13"]
[Round "4"]
[White "Di Carlo, Romeo"]
[Black "Trebeschi, Andrea"]
[WhiteElo "2075"]
[BlackElo "2057"]
[Result "1/2-1/2"]
[PlyCount "70"]
[EventDate "2007.05.11"]

1. d4 d6 2. Bf4 Nf6 3. e3 g6 4. Be2 Bg7 5. Nf3 O-O 6. O-O Nbd7 7. h3 b6 8. c4
c5 9. Nc3 Bb7 10. Bh2 Ne4 11. Nxe4 Bxe4 12. Nd2 Bb7 13. Bf3 Qc7 14. Bxb7 Qxb7
15. Nf3 a6 16. Qe2 Rab8 17. Rac1 b5 18. dxc5 Nxc5 19. b4 Ne4 20. c5 Rbc8 21.
cxd6 Nxd6 22. Bxd6 exd6 23. Qd3 Rfd8 24. Rfd1 h6 25. Nd4 Bxd4 26. Qxd4 h5 27.
e4 Rc6 28. Rxc6 Qxc6 29. Qf6 Rd7 30. e5 Qc3 31. Rxd6 Rxd6 32. Qxd6 Qe1+ 33. Kh2
Qxf2 34. e6 fxe6 35. Qxe6+ Qf7 1/2-1/2

[Event "XXXIX C.to Italiano a Serie Nazionali a squadre B"]
[Site "Cattolica ITA"]
[Date "2007.05.13"]
[Round "4"]
[White "Di Donatantonio, Franco"]
[Black "La Manna, Andrea"]
[WhiteElo "2111"]
[BlackElo "2097"]
[Result "1/2-1/2"]
[PlyCount "102"]
[EventDate "2007.05.11"]

1. e4 d6 2. d4 Nf6 3. Nc3 c6 4. Nf3 Bg4 5. Be2 e6 6. Be3 d5 7. Nd2 Bxe2 8. Qxe2
dxe4 9. Ncxe4 Nbd7 10. O-O Be7 11. c4 O-O 12. a3 Nxe4 13. Nxe4 Nf6 14. Ng3 a6
15. h4 b5 16. b3 Qc7 17. Rfc1 bxc4 18. Rxc4 Nd5 19. Bg5 Rab8 20. b4 Rfc8 21.
Bxe7 Nxe7 22. Qg4 a5 23. Nh5 Ng6 24. Rac1 axb4 25. axb4 Qd6 26. Rb1 Rb5 27. Ng3
Qd8 28. h5 Ne7 29. h6 g6 30. Qh4 Qf8 31. Rc5 Nd5 32. Ne4 f5 33. Rxb5 cxb5 34.
Nc5 Re8 35. Re1 Nxb4 36. Rxe6 Nd5 37. Nd7 Qf7 38. Rxe8+ Qxe8 39. Nf6+ Nxf6 40.
Qxf6 Qf8 41. Qe6+ Qf7 42. Qe5 Qf8 43. Qd5+ Kh8 44. Qxb5 Qxh6 45. Qc5 Kg8 46. d5
Qd2 47. g3 Qe1+ 48. Kg2 Qe5 49. Qc8+ Kf7 50. Qd7+ Qe7 51. Qc6 Qe5 1/2-1/2

[Event "XXXIX C.to Italiano a Serie Nazionali a squadre B"]
[Site "Cattolica ITA"]
[Date "2007.05.13"]
[Round "4"]
[White "Gallitto, Salvatore"]
[Black "Seleni, Aldo"]
[WhiteElo "1939"]
[BlackElo "2100"]
[Result "1/2-1/2"]
[PlyCount "89"]
[EventDate "2007.05.11"]

1. d4 Nf6 2. e3 d5 3. Bd3 c6 4. Nd2 Qc7 5. f4 Bg4 6. Ngf3 Nbd7 7. O-O e6 8. b3
g6 9. Qe1 Bg7 10. Ba3 Qa5 11. Qc1 Bf5 12. Ne5 Rc8 13. b4 Qd8 14. Rb1 a6 15. Qd1
h5 16. Ndf3 Ne4 17. Qe1 f6 18. Nxd7 Qxd7 19. Bxe4 Bxe4 20. Rd1 Kf7 21. Nd2 Bf5
22. Bb2 Rhe8 23. Nb3 b6 24. a4 Bf8 25. Ba3 a5 26. c3 Ra8 27. Ra1 Bc2 28. Nd2
axb4 29. cxb4 Rxa4 30. Nf3 Rea8 31. Qc3 Be4 32. Nd2 Bf5 33. Rfc1 Ke8 34. h3 Kd8
35. Kf2 Qb7 36. Kf3 h4 37. Kf2 Bd6 38. Nf3 Kd7 39. Nxh4 Be4 40. Nf3 R8a7 41.
Nd2 Qa8 42. Nxe4 Rxa3 43. Rxa3 Rxa3 44. Nxf6+ Ke7 45. Ng8+ 1/2-1/2

[Event "XXXIX C.to Italiano a Serie Nazionali a squadre B"]
[Site "Cattolica ITA"]
[Date "2007.05.13"]
[Round "4"]
[White "Gueneau, Christophe"]
[Black "Battisti, Eugenio"]
[WhiteElo "2126"]
[BlackElo "2033"]
[Result "1/2-1/2"]
[PlyCount "31"]
[EventDate "2007.05.11"]

1. c4 Nf6 2. Nc3 e6 3. Nf3 d5 4. d4 Bb4 5. e3 Nc6 6. Bd3 dxc4 7. Bxc4 a6 8. O-O
O-O 9. Qe2 Bd6 10. Rd1 b5 11. Bb3 Qe8 12. e4 e5 13. Bg5 Nd7 14. Rac1 Bb7 15.
dxe5 Ncxe5 16. h4 1/2-1/2

[Event "XXXIX C.to Italiano a Serie Nazionali a squadre B"]
[Site "Cattolica ITA"]
[Date "2007.05.13"]
[Round "4"]
[White "Iafelice, Vincenzo"]
[Black "Ridolfi, Raffaele"]
[WhiteElo "2068"]
[BlackElo "1932"]
[Result "1-0"]
[PlyCount "63"]
[EventDate "2007.05.11"]

1. e4 c6 2. d4 d5 3. Nc3 dxe4 4. Nxe4 Nd7 5. Nf3 Ngf6 6. Nxf6+ Nxf6 7. Bc4 e6
8. Bg5 Be7 9. Qe2 Qc7 10. Ne5 Bd7 11. O-O-O Rf8 12. Bb3 O-O-O 13. Bf4 Qa5 14.
Nc4 Qh5 15. f3 Nd5 16. Nd6+ Bxd6 17. Bxd6 Rfe8 18. g4 Qg5+ 19. Kb1 h6 20. h4
Qg6 21. h5 Qh7 22. Qh2 Nb6 23. Bb8 Na8 24. Bxa7 e5 25. Bxf7 Re7 26. dxe5 Be6
27. Bxe6+ Rxe6 28. Rxd8+ Kxd8 29. Rd1+ Ke7 30. Qd2 Kf8 31. Qd8+ Re8 32. Bc5+
1-0

[Event "XXXIX C.to Italiano a Serie Nazionali a squadre B"]
[Site "Cattolica ITA"]
[Date "2007.05.13"]
[Round "4"]
[White "La Manna, Francesco"]
[Black "D'Innocente, Stefano"]
[WhiteElo "2179"]
[BlackElo "2261"]
[Result "0-1"]
[PlyCount "102"]
[EventDate "2007.05.11"]

1. d4 Nf6 2. c4 g6 3. Nc3 d5 4. cxd5 Nxd5 5. e4 Nxc3 6. bxc3 Bg7 7. Bc4 c5 8.
Be3 Nc6 9. Ne2 O-O 10. Rc1 cxd4 11. cxd4 e5 12. d5 Na5 13. O-O Nxc4 14. Rxc4 b6
15. Qa4 Bd7 16. Qa6 Qe8 17. Nc3 f5 18. Rc7 Rf7 19. Rc1 Bc8 20. Qa4 Bd7 21. Qa6
Bc8 22. Qa4 Bd7 23. Qc4 Bf8 24. Qb3 Bd6 25. Rb7 Ba4 26. Nxa4 Rxb7 27. Rc6 Rd7
28. Nc3 Qf7 29. f3 f4 30. Bc1 Bc5+ 31. Kf1 Rc7 32. Rxc7 Qxc7 33. Nb5 Qf7 34.
Bb2 Re8 35. Qa4 Qd7 36. Qa6 g5 37. h3 h5 38. Na3 g4 39. hxg4 hxg4 40. Qb5 Qxb5+
41. Nxb5 g3 42. d6 Kf7 43. d7 Rd8 44. Bxe5 Rxd7 45. Ke2 Be3 46. Bc3 Ke6 47. Be1
Bc5 48. Bd2 a6 49. Nc3 Bb4 50. Nd5 Bxd2 51. Kxd2 Rxd5+ 0-1

[Event "XXXIX C.to Italiano a Serie Nazionali a squadre B"]
[Site "Cattolica ITA"]
[Date "2007.05.13"]
[Round "4"]
[White "Loi, Andrea"]
[Black "Ferri, Stefano"]
[WhiteElo "2024"]
[BlackElo "2162"]
[Result "1-0"]
[PlyCount "137"]
[EventDate "2007.05.11"]

1. d4 Nf6 2. c4 c6 3. Nc3 d5 4. cxd5 cxd5 5. f3 Nc6 6. e4 Be6 7. e5 Nd7 8. f4
Qb6 9. Nf3 f6 10. Be2 Rd8 11. O-O fxe5 12. fxe5 Ndxe5 13. Nxe5 Nxe5 14. Na4 Qc6
15. dxe5 d4 16. b3 g6 17. Bf4 Bg7 18. Rc1 Qd5 19. Rc5 Qe4 20. Bd3 Bg4 21. Bxe4
Bxd1 22. Rxd1 O-O 23. Bg3 b6 24. Rc7 e6 25. Bh4 Rb8 26. Rxg7+ Kxg7 27. Bf6+
Rxf6 28. exf6+ Kxf6 29. Rxd4 Ke5 30. Rb4 b5 31. Bd3 a6 32. Nc5 Rd8 33. Re4+ Kd5
34. Nxe6 Rc8 35. Nf4+ Kd6 36. Re6+ Kd7 37. Rxa6 b4 38. Ra7+ Kd6 39. Rxh7 g5 40.
Ne2 Ke5 41. Re7+ Kf6 42. Rb7 Rd8 43. Bc4 Rd1+ 44. Kf2 Rd2 45. Rxb4 Rxa2 46. Rb8
Ke5 47. Rg8 Kf5 48. Bd3+ Kf6 49. Rg6+ Kf7 50. Rxg5 Kf6 51. Rf5+ Kg7 52. g4 Rb2
53. Bc4 Kg6 54. h4 Rd2 55. h5+ Kh6 56. Rd5 Rb2 57. Kg3 Rb1 58. Kf4 Rf1+ 59. Ke5
Kg5 60. Rd4 Rf8 61. Be6 Rf2 62. Re4 Rf3 63. b4 Ra3 64. b5 Ra5 65. Rb4 Kh6 66.
Kf6 Ra7 67. g5+ Kh7 68. b6 Rb7 69. Bd5 1-0

[Event "XXXIX C.to Italiano a Serie Nazionali a squadre B"]
[Site "Cattolica ITA"]
[Date "2007.05.13"]
[Round "4"]
[White "Simeone, Giulio"]
[Black "Altieri, Claudio"]
[WhiteElo "2003"]
[BlackElo "2067"]
[Result "0-1"]
[PlyCount "44"]
[EventDate "2007.05.11"]

1. c4 Nf6 2. Nc3 d6 3. d4 Nbd7 4. e4 e5 5. Be2 Be7 6. dxe5 dxe5 7. Nf3 c6 8.
Bg5 Qc7 9. O-O O-O 10. Qc2 h6 11. Bh4 Re8 12. Rad1 Bf8 13. Bg3 Nh5 14. Bh4 Ndf6
15. h3 g5 16. Bg3 g4 17. Bxe5 Rxe5 18. Nxe5 Qxe5 19. Rd8 gxh3 20. gxh3 Bxh3 21.
f4 Qc5+ 22. Kh2 Bxf1 0-1

[Event "XXXIX C.to Italiano a Serie Nazionali a squadre B"]
[Site "Cattolica ITA"]
[Date "2007.05.13"]
[Round "4"]
[White "Varini, Massimo"]
[Black "Sciortino, Massimo"]
[WhiteElo "2023"]
[BlackElo "2254"]
[Result "0-1"]
[PlyCount "98"]
[EventDate "2007.05.11"]

1. e4 e5 2. Nf3 Nc6 3. Bc4 Nf6 4. d3 h6 5. Bb3 d6 6. c3 g6 7. O-O Bg7 8. Re1
O-O 9. Nbd2 Na5 10. Bc2 c5 11. h3 Nc6 12. Nf1 Nh5 13. Be3 Kh7 14. d4 Qe7 15.
dxc5 dxc5 16. Qd5 Qf6 17. N1h2 b6 18. Ba4 Na5 19. Qxa8 Bb7 20. Qxa7 Ra8 21.
Qxa8 Bxa8 22. Ng4 Qe7 23. Rad1 Bxe4 24. Rd7 Qe6 25. Red1 Bxf3 26. gxf3 Qxa2 27.
b3 Nxb3 28. Bc6 Qe2 29. R1d6 Qe1+ 30. Kg2 Nd4 31. cxd4 cxd4 32. Bxh6 Bxh6 33.
Rxf7+ Bg7 34. Rdd7 d3 35. Nf6+ Kh6 36. Nxh5 d2 37. Ba4 e4 38. Nxg7 e3 39. Nf5+
gxf5 40. Rd6+ Kg5 41. h4+ Kxh4 42. Rh7+ Kg5 43. Rg7+ Kf4 44. fxe3+ Qxe3 45. Bd1
Qe1 46. Rd4+ Ke3 47. Rgd7 Qxd1 48. Rd3+ Ke2 49. Kg3 Qc1 0-1

[Event "XXXIX C.to Italiano a Serie Nazionali a squadre B"]
[Site "Cattolica ITA"]
[Date "2007.05.13"]
[Round "5"]
[White "Altieri, Claudio"]
[Black "La Manna, Francesco"]
[WhiteElo "2067"]
[BlackElo "2179"]
[Result "0-1"]
[PlyCount "60"]
[EventDate "2007.05.11"]

1. Nf3 d5 2. d3 c5 3. Nbd2 Nc6 4. e4 d4 5. Be2 e5 6. Nc4 Bd6 7. a4 Nge7 8. O-O
f6 9. Nh4 Be6 10. Bg4 Bf7 11. Bd2 Qc7 12. g3 h5 13. Be2 g5 14. Nf5 Nxf5 15.
exf5 Ne7 16. Bf3 Nxf5 17. Be4 Ne7 18. Bxb7 Rb8 19. Bg2 g4 20. b3 Be6 21. f4 h4
22. fxe5 fxe5 23. Rf6 Bxc4 24. dxc4 hxg3 25. Qxg4 gxh2+ 26. Kh1 Qd7 27. Re6 Kd8
28. Rf1 Kc7 29. Ba5+ Kc8 30. Be4 Nc6 0-1

[Event "XXXIX C.to Italiano a Serie Nazionali a squadre B"]
[Site "Cattolica ITA"]
[Date "2007.05.13"]
[Round "5"]
[White "Battisti, Eugenio"]
[Black "Di Donatantonio, Franco"]
[WhiteElo "2033"]
[BlackElo "2111"]
[Result "1-0"]
[PlyCount "55"]
[EventDate "2007.05.11"]

1. e4 c5 2. Nf3 e6 3. d4 cxd4 4. Nxd4 Nc6 5. Nb5 d6 6. Bf4 e5 7. Be3 a6 8. N5a3
Nf6 9. Nc3 Be6 10. Nc4 Bxc4 11. Bxc4 Be7 12. O-O O-O 13. a4 Qc7 14. Nd5 Nxd5
15. Bxd5 Rac8 16. c3 Bf6 17. Qd3 Ne7 18. Bb3 Ng6 19. g3 h6 20. Rfd1 Rfd8 21. a5
Qd7 22. Qf1 Rf8 23. Rd2 Bd8 24. Rad1 Bxa5 25. Rxd6 Qg4 26. f3 Qh5 27. g4 Qh4
28. Rxg6 1-0

[Event "XXXIX C.to Italiano a Serie Nazionali a squadre B"]
[Site "Cattolica ITA"]
[Date "2007.05.13"]
[Round "5"]
[White "D'Innocente, Stefano"]
[Black "Varini, Massimo"]
[WhiteElo "2261"]
[BlackElo "2023"]
[Result "1-0"]
[PlyCount "53"]
[EventDate "2007.05.11"]

1. e4 e6 2. d4 d5 3. Nd2 c5 4. exd5 exd5 5. Ngf3 Nc6 6. Bb5 Bd6 7. dxc5 Bxc5 8.
O-O Nge7 9. Nb3 Bd6 10. Bd3 O-O 11. c3 Qc7 12. h3 Bf5 13. Bxf5 Nxf5 14. Qxd5 g6
15. Bg5 Kg7 16. Nbd4 Nfxd4 17. Nxd4 Nxd4 18. Qxd4+ f6 19. Be3 Rae8 20. Qxa7 Re4
21. Rad1 Rfe8 22. Qb6 Bh2+ 23. Kh1 R8e7 24. Qxc7 Bxc7 25. Kg1 f5 26. Rfe1 Kf7
27. Kf1 1-0

[Event "XXXIX C.to Italiano a Serie Nazionali a squadre B"]
[Site "Cattolica ITA"]
[Date "2007.05.13"]
[Round "5"]
[White "Dappiano, Andrea"]
[Black "Iafelice, Vincenzo"]
[WhiteElo "1767"]
[BlackElo "2068"]
[Result "0-1"]
[PlyCount "83"]
[EventDate "2007.05.11"]

1. c4 f5 2. Nc3 Nf6 3. g3 g6 4. Bg2 Bg7 5. d3 d6 6. Bg5 Nc6 7. Nf3 e5 8. Nd5 h6
9. Bxf6 Bxf6 10. Nxf6+ Qxf6 11. O-O O-O 12. Qd2 g5 13. Rab1 f4 14. b4 g4 15.
Ne1 Qg5 16. f3 Nd4 17. fxg4 Bxg4 18. Nf3 Bxf3 19. Bxf3 fxg3 20. Qxg5+ hxg5 21.
hxg3 c6 22. Bg4 Rxf1+ 23. Rxf1 Rf8 24. Rb1 Nf5 25. Bxf5 Rxf5 26. Rf1 Rxf1+ 27.
Kxf1 Kf7 28. Kf2 g4 29. e4 Ke6 30. Ke3 a6 31. d4 exd4+ 32. Kxd4 b6 33. Ke3 Ke5
34. a3 b5 35. cxb5 axb5 36. Kd3 c5 37. a4 bxa4 38. b5 d5 39. exd5 Kxd5 40. Kc3
Kd6 41. Kb2 c4 42. Ka3 0-1

[Event "XXXIX C.to Italiano a Serie Nazionali a squadre B"]
[Site "Cattolica ITA"]
[Date "2007.05.13"]
[Round "5"]
[White "Di Gianni, Rocco"]
[Black "Loi, Andrea"]
[WhiteElo "2137"]
[BlackElo "2024"]
[Result "0-1"]
[PlyCount "72"]
[EventDate "2007.05.11"]

1. e4 d5 2. exd5 Qxd5 3. Nc3 Qa5 4. d4 Nf6 5. Nf3 Bg4 6. Be2 e6 7. Ne5 Bxe2 8.
Qxe2 Nbd7 9. Nc4 Qa6 10. Bf4 Bb4 11. O-O Bxc3 12. bxc3 Nd5 13. Nd6+ cxd6 14.
Qxa6 bxa6 15. Bxd6 Nxc3 16. f4 Nb6 17. Rae1 Kd7 18. Bc5 f5 19. Bxb6 axb6 20.
Rf3 Ne4 21. c4 Rac8 22. Rb3 Rxc4 23. Rxb6 a5 24. Rb7+ Rc7 25. Rb5 a4 26. d5
Rhc8 27. dxe6+ Kxe6 28. g4 g6 29. gxf5+ gxf5 30. Ra5 Rc4 31. Ra6+ Kf7 32. Re3
Rc1+ 33. Kg2 R1c2+ 34. Kh3 Rxa2 35. Ra7+ Kg6 36. Re1 Rc3+ 0-1

[Event "XXXIX C.to Italiano a Serie Nazionali a squadre B"]
[Site "Cattolica ITA"]
[Date "2007.05.13"]
[Round "5"]
[White "Ferri, Stefano"]
[Black "Arcion, Riccardo"]
[WhiteElo "2162"]
[BlackElo "1952"]
[Result "1-0"]
[PlyCount "91"]
[EventDate "2007.05.11"]

1. d4 Nf6 2. Nf3 g6 3. g3 b6 4. Bg2 Bb7 5. O-O Bg7 6. c4 O-O 7. Nc3 d6 8. Re1
Nbd7 9. e4 c5 10. d5 Ng4 11. Qc2 Nge5 12. b3 Nxf3+ 13. Bxf3 Ne5 14. Be2 Bc8 15.
Bb2 Ng4 16. Nd1 f6 17. f3 Nh6 18. Bd3 Nf7 19. Nf2 Ne5 20. Be2 h5 21. f4 Ng4 22.
Nd1 Bd7 23. h3 Nh6 24. Nf2 Qe8 25. Bd3 a5 26. a4 Qc8 27. Kg2 Ra7 28. Re2 e5 29.
dxe6 Bxe6 30. Rae1 Bf7 31. e5 dxe5 32. fxe5 fxe5 33. Bxg6 Qc6+ 34. Be4 Qc7 35.
Bh7+ Kh8 36. Bxe5 Bxe5 37. Rxe5 Bxc4 38. Bg6 Bf7 39. Rxh5 Qc6+ 40. Be4 Qd6 41.
Qc3+ Qd4 42. Qxd4+ cxd4 43. Rxh6+ Kg7 44. Rh7+ Kg8 45. Ng4 Re8 46. Nf6+ 1-0

[Event "XXXIX C.to Italiano a Serie Nazionali a squadre B"]
[Site "Cattolica ITA"]
[Date "2007.05.13"]
[Round "5"]
[White "La Manna, Andrea"]
[Black "Di Carlo, Romeo"]
[WhiteElo "2097"]
[BlackElo "2075"]
[Result "1/2-1/2"]
[PlyCount "83"]
[EventDate "2007.05.11"]

1. d4 d5 2. c4 c6 3. Nc3 dxc4 4. e4 b5 5. a4 b4 6. Na2 Nf6 7. f3 e6 8. Bxc4 Be7
9. Be3 O-O 10. Ne2 a5 11. Nac1 Nbd7 12. Nd3 Bb7 13. Rc1 Rc8 14. Bb3 Qb6 15. Qc2
e5 16. Kf2 exd4 17. Nxd4 Qa6 18. Nf5 Rfe8 19. Bc4 Qa8 20. Qb3 Bf8 21. Bxf7+ Kh8
22. Bxe8 Rxe8 23. Nc5 Ne5 24. Rhd1 Bxc5 25. Bxc5 Bc8 26. Nd6 Be6 27. Qc2 Rb8
28. Kg1 Bg8 29. Bd4 Ned7 30. e5 Nd5 31. Qxc6 Qxc6 32. Rxc6 Nf4 33. Rc7 Bb3 34.
Re1 Nf8 35. Rc8 Rxc8 36. Nxc8 N8e6 37. Bb6 Bxa4 38. Bxa5 Nd3 39. Re2 Bb5 40.
Rd2 b3 41. Nd6 Ba6 42. Ne8 1/2-1/2

[Event "XXXIX C.to Italiano a Serie Nazionali a squadre B"]
[Site "Cattolica ITA"]
[Date "2007.05.13"]
[Round "5"]
[White "Ridolfi, Raffaele"]
[Black "Gallitto, Salvatore"]
[WhiteElo "1932"]
[BlackElo "1939"]
[Result "1/2-1/2"]
[PlyCount "40"]
[EventDate "2007.05.11"]

1. d4 d5 2. Nf3 Nf6 3. c4 e6 4. Nc3 Be7 5. Bg5 O-O 6. e3 h6 7. Bh4 b6 8. cxd5
Nxd5 9. Bxe7 Qxe7 10. Qb3 Bb7 11. Be2 Nd7 12. O-O c5 13. Nxd5 Bxd5 14. Qa3 Rfc8
15. Rac1 Kf8 16. dxc5 Nxc5 17. b3 Rc7 18. Rc3 Rac8 19. Rfc1 Kg8 20. h3 Qd8
1/2-1/2

[Event "XXXIX C.to Italiano a Serie Nazionali a squadre B"]
[Site "Cattolica ITA"]
[Date "2007.05.13"]
[Round "5"]
[White "Seleni, Aldo"]
[Black "Cerquitella, Luca"]
[WhiteElo "2100"]
[BlackElo "2198"]
[Result "1/2-1/2"]
[PlyCount "44"]
[EventDate "2007.05.11"]

1. d4 Nf6 2. Nf3 e6 3. e3 c5 4. Bd3 Nc6 5. O-O d5 6. c3 Bd6 7. Nbd2 O-O 8. e4
cxd4 9. cxd4 dxe4 10. Nxe4 Be7 11. Be3 Qd5 12. Nc3 Qh5 13. Qb3 b6 14. Ne4 Nxe4
15. Bxe4 Bb7 16. Qa4 b5 17. Qd1 Rfd8 18. Rc1 Rac8 19. Ne5 Qxd1 20. Rfxd1 Nxe5
21. Bxb7 Rxc1 22. Rxc1 Nd3 1/2-1/2

[Event "III Open B Primavera"]
[Site "Como ITA"]
[Date "2007.04.27"]
[Round "?"]
[White "Calabrese, Mattia"]
[Black "Prini, Walter"]
[WhiteElo "1347"]
[BlackElo "1580"]
[Result "0-1"]
[PlyCount "78"]
[EventDate "2007.04.13"]

1. c4 e5 2. Nc3 Nf6 3. g3 Be7 4. Bg2 Nc6 5. d3 O-O 6. Nf3 a6 7. a4 Re8 8. O-O
d6 9. Be3 Ng4 10. Qd2 Nxe3 11. Qxe3 Be6 12. Qd2 Rb8 13. Ne1 Nd4 14. Qd1 Qd7 15.
e3 Nf5 16. Nc2 c5 17. Nd5 Bxd5 18. Bxd5 Bf6 19. Ra2 Ne7 20. Bg2 Ng6 21. Na3 b6
22. Nb1 Ne7 23. Nc3 Rbd8 24. Ne4 Qe6 25. Nxf6+ Qxf6 26. b3 d5 27. Rc2 dxc4 28.
Rxc4 Rd6 29. Qb1 Nc6 30. Rd1 Red8 31. Kf1 Nb4 32. Rc3 e4 33. Bxe4 Qxc3 34. Ke2
Qf6 35. f4 Nd5 36. Bxd5 Rxd5 37. e4 Rh5 38. h4 Qe6 39. f5 Rxf5 0-1

[Event "III Open B Primavera"]
[Site "Como ITA"]
[Date "2007.05.11"]
[Round "?"]
[White "Calabrese, Mattia"]
[Black "Taborelli, Achille"]
[WhiteElo "1347"]
[BlackElo "1802"]
[Result "0-1"]
[PlyCount "136"]
[EventDate "2007.04.13"]

1. c4 Nf6 2. Nc3 e5 3. g3 c6 4. d4 exd4 5. Qxd4 Be7 6. Bg2 d6 7. Nf3 O-O 8. O-O
Be6 9. Ne1 Qc8 10. Nc2 Bh3 11. Bg5 Bxg2 12. Kxg2 Qf5 13. Bxf6 Bxf6 14. Ne3 Bxd4
15. Nxf5 Bxc3 16. bxc3 Re8 17. e3 Re6 18. Rfd1 Na6 19. Nxd6 Nc5 20. Nf5 g6 21.
Nh4 Na4 22. Rd7 b6 23. Rad1 Nxc3 24. Rd8+ Rxd8 25. Rxd8+ Kg7 26. Ra8 a5 27. Ra6
Re4 28. c5 bxc5 29. Rxc6 Rc4 30. Nf3 Nxa2 31. Nd2 Nb4 32. Rc8 Rc3 33. Ne4 Rc1
34. Rxc5 Rxc5 35. Nxc5 Kf6 36. Kf3 Ke5 37. Ke2 Kd5 38. Na4 Kc4 39. Kd2 Nd5 40.
e4 Nf6 41. f3 Kb4 42. Nc3 a4 43. Nxa4 Kxa4 44. Kd3 Kb5 45. Kd4 Kc6 46. Ke5 Nd7+
47. Kd4 Kd6 48. h4 f6 49. f4 h5 50. Ke3 Ke6 51. Kd4 Kd6 52. f5 gxf5 53. exf5
Ne5 54. Ke4 Ng4 55. Kf4 Kd5 56. Kf3 Ke5 57. Kg2 Kxf5 58. Kf3 Ke5 59. Kg2 Ke4
60. Kh3 Ke3 61. Kg2 Ke2 62. Kh3 Ne3 63. Kh2 Kf3 64. Kh3 Nf5 65. g4 hxg4+ 66.
Kh2 Kf2 67. h5 g3+ 68. Kh1 g2+ 0-1

[Event "III Open B Primavera"]
[Site "Como ITA"]
[Date "2007.05.04"]
[Round "?"]
[White "Campanini, Ambrogio"]
[Black "Calabrese, Mattia"]
[WhiteElo "1544"]
[BlackElo "1347"]
[Result "0-1"]
[PlyCount "66"]
[EventDate "2007.04.13"]

1. d4 f5 2. c4 Nf6 3. Nc3 b6 4. Nf3 Bb7 5. e3 e6 6. Bd3 Be7 7. O-O O-O 8. Qe2
c5 9. e4 fxe4 10. Nxe4 Nxe4 11. Bxe4 Bxe4 12. Qxe4 Na6 13. a3 cxd4 14. Nxd4 Nc5
15. Qg4 Bf6 16. Qd1 Rc8 17. Be3 e5 18. Nb5 Ne6 19. Nxa7 Rxc4 20. Qb3 d5 21.
Rac1 Nc5 22. Bxc5 bxc5 23. Rxc4 dxc4 24. Qxc4+ Rf7 25. Nc6 Qb6 26. Rd1 e4 27.
Rd6 Qa5 28. g3 Bxb2 29. Rd7 Qe1+ 30. Kg2 Qxf2+ 31. Kh3 Qf5+ 32. Kg2 Qxd7 33.
Qxc5 e3 0-1

[Event "III Open B Primavera"]
[Site "Como ITA"]
[Date "2007.04.27"]
[Round "?"]
[White "Campanini, Ambrogio"]
[Black "Tabbone, Antonio"]
[WhiteElo "1544"]
[BlackElo "1580"]
[Result "1-0"]
[PlyCount "95"]
[EventDate "2007.04.13"]

1. d4 d5 2. c4 e6 3. cxd5 exd5 4. Nf3 Nf6 5. a3 Be7 6. Nc3 Bf5 7. e3 h6 8. Bd3
Bxd3 9. Qxd3 O-O 10. O-O Nbd7 11. Qb5 Nb6 12. b3 c6 13. Qd3 a5 14. a4 Nbd7 15.
Ba3 Nh7 16. Bxe7 Qxe7 17. Qd2 Ng5 18. Nxg5 Qxg5 19. f4 Qf5 20. Ne2 Nf6 21. Ng3
Qh7 22. f5 g6 23. fxg6 fxg6 24. Rf3 Ne4 25. Rxf8+ Rxf8 26. Nxe4 dxe4 27. Qxa5
Qe7 28. Qc3 Qh4 29. Qd2 Qf6 30. Qe2 c5 31. Rf1 Qe7 32. Qc4+ Kh8 33. Rxf8+ Qxf8
34. Qxc5 Qd8 35. Qe5+ Kh7 36. Qxe4 Qc7 37. Kf2 Qf7+ 38. Qf4 Qg7 39. Qe5 Qf7+
40. Kg3 h5 41. h3 Qxb3 42. Qc7+ Kh6 43. Qf4+ Kg7 44. a5 Qd1 45. Qe5+ Kh6 46.
Qh8+ Kg5 47. h4+ Kf5 48. Qe5# 1-0

[Event "III Open B Primavera"]
[Site "Como ITA"]
[Date "2007.04.13"]
[Round "?"]
[White "Panzetta, Vieri"]
[Black "Calabrese, Mattia"]
[WhiteElo "1459"]
[BlackElo "1347"]
[Result "0-1"]
[PlyCount "113"]
[EventDate "2007.04.13"]

1. e4 c5 2. Nf3 Nc6 3. d4 cxd4 4. Nxd4 g6 5. Nxc6 bxc6 6. Qd4 Nf6 7. e5 Nh5 8.
Be2 Ng7 9. Bg4 e6 10. O-O Qb6 11. Qxb6 axb6 12. Be3 Ra4 13. Bf3 Ra5 14. Bf4 Bc5
15. c3 Ra8 16. Nd2 Be7 17. Nb3 Bd8 18. Nd4 O-O 19. Bh6 Bc7 20. Bxg7 Kxg7 21.
Rfe1 Ra5 22. Nb3 Rxe5 23. Rxe5 Bxe5 24. Rd1 Rd8 25. Bxc6 Kf8 26. Bf3 Ke7 27. h3
Ba6 28. Be4 d5 29. Bd3 Bxd3 30. Rxd3 Ra8 31. a3 Kd6 32. c4 Re8 33. cxd5 exd5
34. Re3 Re6 35. Kf1 Bxb2 36. Rxe6+ fxe6 37. a4 d4 38. Ke2 Kd5 39. Kd3 e5 40. f3
Bc3 41. Nc1 Be1 42. Nb3 Bh4 43. Nd2 Kc5 44. Nc4 Bf6 45. g4 h6 46. Nb2 Kb4 47.
Nc4 Kc5 48. Nb2 Kd5 49. Nc4 Bd8 50. Nb2 Bc7 51. Nc4 Kc5 52. Nb2 Kb4 53. Ke4 Kb3
54. Nd3 Kxa4 55. f4 exf4 56. Kxd4 h5 57. Ke4 0-1

[Event "III Open B Primavera"]
[Site "Como ITA"]
[Date "2007.05.11"]
[Round "?"]
[White "Panzetta, Vieri"]
[Black "Campanini, Ambrogio"]
[WhiteElo "1459"]
[BlackElo "1544"]
[Result "0-1"]
[PlyCount "80"]
[EventDate "2007.04.13"]

1. e4 d6 2. d4 g6 3. Nf3 Bg7 4. Nc3 Nf6 5. Bb5+ c6 6. Bc4 d5 7. exd5 cxd5 8.
Bb5+ Bd7 9. Bxd7+ Qxd7 10. O-O O-O 11. Ne5 Qd8 12. Ng4 Nxg4 13. Qxg4 Nc6 14.
Be3 e6 15. Qd1 a6 16. a3 Qf6 17. Ne2 Rac8 18. c3 Qd8 19. Qd2 Na5 20. Qd1 Nc4
21. b3 Nd6 22. Qd2 Ne4 23. Qc1 Qb6 24. f3 Nd6 25. Rb1 Qb5 26. Ng3 Rc7 27. a4
Qb6 28. Bf2 Rfc8 29. Ne2 Nf5 30. g4 Nd6 31. Bg3 f5 32. Bxd6 Qxd6 33. Qf4 e5 34.
dxe5 Bxe5 35. Qg5 Bxh2+ 36. Kg2 Be5 37. gxf5 Bf6 38. Qg4 Rg7 39. Kf2 Qh2+ 40.
Qg2 Bh4+ 0-1